Pays les plus pacifiques - Statistiques

Statistiques générales
  • Ce quiz a été pris 83 fois
  • Le résultat moyen est 20 sur 30
Statistiques - réponses
Rang Score Pays % Correct
#10 1.366 Suisse
95%
#17 1.496 Norvège
94%
#15 1.479 Suède
92%
#14 1.404 Finlande
87%
#1 1.078 Islande
87%
#5 1.283 Danemark
85%
#2 1.198 Nouvelle-Zélande
81%
#13 1.386 Australie
80%
#6 1.298 Canada
80%
#17 1.496 Belgique
76%
#12 1.375 Irlande
72%
#21 1.528 Pays-Bas
72%
#16 1.494 Allemagne
71%
#4 1.275 Autriche
70%
#3 1.247 Portugal
70%
#30 1.680 Estonie
68%
#24 1.559 Hongrie
68%
#9 1.360 Japon
67%
#25 1.568 Slovaquie
67%
#29 1.657 Pologne
66%
#11 1.369 Slovénie
66%
#8 1.337 République tchèque
65%
#26 1.615 Croatie
53%
#22 1.541 Roumanie
53%
#28 1.628 Bulgarie
51%
#19 1.501 Bhoutan
46%
#7 1.321 Singapour
41%
#23 1.544 Maurice
28%
#20 1.525 Malaisie
27%
#27 1.616 Qatar
22%
Aucun quiz correspondant
Distribution des résultats
% des personnes avec chaque résultat
Percentile par nombre de réponses
Votre historique - résultats
Vous n’avez pas pris ce quiz